| 000 | 00643nam a22002177a 4500 | ||
|---|---|---|---|
| 999 |
_c5249 _d5249 |
||
| 003 | AR-CdUCM | ||
| 008 | 190312b ||||| |||| 00| 0 spa d | ||
| 020 | _a978-612-46865-7-3 | ||
| 040 |
_aMUNICIPALIDAD PROVINCIAL DEL CUSCO _cBIBLIOTECA MUNICIPAL DEL CUSCO |
||
| 082 |
_a869.56 / _bB25 |
||
| 100 |
_aBarrionuevo, Alfonsina _915899 |
||
| 245 | _aHabla Micaela / | ||
| 260 |
_aCusco : _bIberia, _c1976. |
||
| 300 |
_a141 paginas ; _bIlustraciones a color, _c21cm. |
||
| 650 |
_aEnsayos Historicos _915900 |
||
| 650 |
_aPerĂº _935 |
||
| 650 |
_aLiteratura _983 |
||
| 700 |
_aRuiz Duran, Jesus _915901 |
||
| 942 |
_2ddc _cLIBROS |
||
| 945 | _apjha | ||